书目信息 |
| 题名: |
缩微技术
|
|
| 作者: | Kish , 基什 著 ;蒋泽廉 译 | |
| 分册: | ||
| 出版信息: | 北京 测绘出版社 1984 |
|
| 页数: | 209页 | |
| 开本: | 19cm | |
| 丛书名: | ||
| 单 册: | ||
| 中图分类: | G255.72 | |
| 科图分类: | ||
| 主题词: | 缩微复印 , 图书馆学 , 图书馆事业 | |
| 电子资源: | ||
| ISBN: | ||
| 000 | 00862nam0 2200313 45 | |
| 001 | 0184004997 | |
| 005 | 20060809165614.79 | |
| 010 | @dCNY0.72 | |
| 091 | @aCN@b17039.300 | |
| 091 | @aCN@b17039.新300 | |
| 100 | @a19950509d1984 em y0chiy0121 ea | |
| 101 | 1 | @achi@ceng |
| 102 | @aCN@b110000 | |
| 105 | @ay z 000yy | |
| 200 | 10 | @a缩微技术@Asuo wei ji shu@f(美)基什(J.L.Kish)著@g蒋泽廉等译 |
| 210 | @a北京@c测绘出版社@d1984 | |
| 215 | @a209页@d19cm | |
| 300 | @a书名原文:Micrographics a User's manual | |
| 510 | 1 | @aMicrographics a User's manual@zeng |
| 606 | @a缩微复印 | |
| 606 | 0 | @a图书馆学 |
| 606 | 0 | @a图书馆事业 |
| 690 | @aG255.72@v3 | |
| 701 | A1 | @aKish@bJ.L.@4著 |
| 701 | 1 | @a基什@Aji shi@bJ.L.@f美@4著 |
| 702 | 0 | @a蒋泽廉@Ajiang ze lian@4译 |
| 801 | 2 | @aCN@bNLC@c20060809 |
| 801 | 0 | @aCN@bTSSF |
| 905 | @a10447@dG255.72@e25 | |
| 缩微技术/(美)基什(J.L.Kish)著/蒋泽廉等译.-北京:测绘出版社,1984 |
| 209页;19cm |
| 书名原文:Micrographics a User's manual |
| ISBN :CNY0.72 |
| ● |
| 相关链接 |
|
|
|
|
正题名:缩微技术
索取号:G255.72/25
 
预约/预借
| 序号 | 登录号 | 条形码 | 馆藏地/架位号 | 状态 | 备注 |
| 1 | 0450131 | 204501315 | 密集书库/ [索取号:G255.72/25] | 在馆 |